000 00687nam a2200229 a 4500
001 BRCA_6589
005 20190320205520.0
008 021011s1964----nyua######---#000-0#eng-#
041 _aeng
044 _au
050 4 _aND615
_b.C65 4 1964
100 1 _aPrevitali, Giovanni,
_d1934-1988.
_916444
245 1 0 _aEarly Italian Painting
_cby Giovanni Previtali.
260 _aE. U. A.
_bMcGraw-Hill
_cc1964
300 _a47 p.
_bil.
_c25 cm.
_e24 diapositivas.
440 0 _aColor Slide Program of the World´s Art
_v4
_916445
500 _aDonación Dra. Elsa Barberena
650 1 4 _aPintura italiana
_910312
650 1 4 _aPintura
_xDiapositivas
_916446
902 _aDEB
942 _2lcc
_cB
999 _c6273
_d6273